LEADER 01211nam a2200301 i 4500 001 000000223541 003 CaOOAMICUS 005 20131015000000.0 008 131015s1996 it u000 u ger u 013 $a202438 020 $a3-11-013186-2 040 $aSeMil$bita 100 1 $aMüller, Hans Martin.$0(OLS)http://semarc/name/77950 245 10$aHomiletik :$beine evangelische Predigtlehre /$cHans Martin Müller. 260 $aBerlin ; New York :$bDe Gruyter,$c1996. 300 $aXVII, 442 p. ;$c21 cm. 490 0 $aDe Gruyter Lehrbuch 500 $aFondo card. C. M. Martini. 650 4$aOmiletica.$0(OLS)http://semarc/subject/3458 650 4$aPredicazione - Storia.$0(OLS)http://semarc/subject/40911 830 0$aDe Gruyter Lehrbuch.$0(OLS)http://semarc/title/30872 850 $aSeMil 852 $aSeMil$W1$xVenegono$y1$m2F III 418$j173887$B173887$CSeMilBibl$Z2$F185674 $81 941 1 $a4 961 $aLascito: Martini Card. Carlo Maria 996 $6020$a3-11-013186-2$9(OLS)http://semarc/number/223588 996 $6245$aHomiletik :$beine evangelische Predigtlehre$9(OLS)http://semarc/title/320534 996 $6260$aBerlin ; New York :$bDe Gruyter$9(OLS)http://semarc/publisher/29892 LEADER 01065nam a2200253 i 4500 001 000000061695 003 CaOOAMICUS 005 20190618111713.0 008 120309s1986 it u000 u ita u 013 $a32867 020 $a88-01-10113-9 040 $aSeMil$bita 100 1 $aBallestrero, Anastasio Alberto$b.$0(OLS)http://semarc/name/980 245 10$aA misura di Dio :$bper una testimonianza di vita cristiana integrale /$ccard. Anastasio Ballestrero. 260 $aLeumann (Torino) :$bElle Di Ci,$c1986. 300 $a103 p. ;$c20 cm. 650 4$aSpiritualità.$0(OLS)http://semarc/subject/5428 850 $aSeMil 852 $aSeMil$W1$xVenegono$y1$m2C II 311$j27848$B27848$CSeMilBibl$Z2$F27851 $81 961 $aOmaggio: Conti Franco 996 $6020$a88-01-10113-9$9(OLS)http://semarc/number/38030 996 $6245$aA misura di Dio :$bper una testimonianza di vita cristiana integrale$9(OLS)http://semarc/title/96995 996 $6260$aLeumann (Torino) :$bElle Di Ci$9(OLS)http://semarc/publisher/29809